000 00419nam a2200157Ia 4500
008 210210b1975 xxu||||| |||| 00| 0 eng d
082 _a181 MULS
100 _aMULLER (F Max).
245 _aSacred books of the east.V 36:The questions of King Milinda.
260 _aNew Delhi.
_bMotilal Banarsidass.,
_c1975
300 _axxvii,388
440 _a36
650 _aMilinda
690 _aPhilosophy
906 _aSG01815
999 _c112980
_d112980